Les featurings d'Orelsan - Statistiques

Statistiques générales
  • Ce quiz a été pris 214 fois
  • Le résultat moyen est 13 sur 45
Statistiques - réponses
Hint Réponse % Correct
Rêves bizarres Damso
98%
La pluie, avf Stromae
97%
Casseurs Flowters Infinity, Entre bien et mal, Ils sont cools,.. Gringe
91%
Qui dit mieux, Peon Vald
81%
Zone Nekfeu
79%
CP_009_Evidemment Angèle
78%
Christophe, avf, La nuit c'est fait pour dormir, Sharingan GIMS
76%
Millions Ninho
74%
La vérité Lomepal
64%
Ensemble Skread
56%
Notes pour trop tard Ibeyi
37%
Dernier verre The Neptunes
37%
Go Go Gadget Disiz
34%
Toujours Plus Lorenzo
34%
Qui dit mieux Suikon Blaz AD
34%
Potentiel Lefa
30%
Ma life Oxmo Puccino
29%
Zone Dizzee Rascal
26%
A qui la faute Kery James
25%
Je rêve en enfer Jena Lee
23%
J'essaye, j'essaye Janine
18%
Courage Fuyons Médine
18%
Les ennuis, Regarde comme il fait beau Izia
16%
Ma grosse, Tout les jours dimanche Nessbeal
16%
Lève les draps Seth Gueko
15%
N'importe comment The Toxic Avenger
15%
Le temps MHD
14%
Tu vas prendre cher La Fouine
13%
Mon pote Flynt
12%
Tout ce que je sais YBN Cordae
11%
Ne regrette rien Benjamin Biolay
10%
Mauvais Plan Canardo
9%
La Machine Luce
9%
Memento Youssoupha
8%
Vapormax Dabs
7%
La nuit c'est fait pour dormir H Magnum
7%
Tout va bien (Remix) Eugy
6%
Tout va bien (Remix) Kojo Funds
6%
Keep cool (avec Wynter Gordon) Major Lazer
5%
CAN I LIVE Murkage
5%
Peur de l'echec Ron Thai
4%
Accélère Isleym
3%
Decembre Karim Ouellet
3%
Nos life remix Swift Guad
3%
Viens chez moi j'habite chez une copine Sidi Omar
2%
Aucun quiz correspondant
Distribution des résultats
% des personnes avec chaque résultat
Percentile par nombre de réponses
Votre historique - résultats
Vous n’avez pas pris ce quiz